Zwangssterilisation in Heidelberg: das Erbgesundheitsgericht 1934-1945
Auch zu Fallbeispielen Betroffener aus Heidelberg, Nussloch, Sandhausen und Dossenheim
| Main Author: | |
|---|---|
| Corporate Author: | |
| Format: | Print Book |
| Language: | German |
| Published: |
Heidelberg
Kurpfälzischer Verlag
[2024]
|
| In: | Year: 2024 |
| Online Access: |
Table of Contents |
| Availability in Tübingen: | Present in Tübingen. UB: 65 A 505 |
| Check availability: | HBZ Gateway |
| Subito Delivery Service: | Order now. |
| Keywords: |
MARC
| LEADER | 00000cam a2200000 c 4500 | ||
|---|---|---|---|
| 001 | 1912086581 | ||
| 003 | DE-627 | ||
| 005 | 20260318112406.0 | ||
| 007 | tu | ||
| 008 | 241211s2024 gw ||||| m 00| ||ger c | ||
| 015 | |a 24,N50 |2 dnb | ||
| 016 | 7 | |a 1350323551 |2 DE-101 | |
| 020 | |a 9783910886087 |q : : EUR 22.00 (DE), EUR 22.70 (AT) |9 978-3-910886-08-7 | ||
| 020 | |a 3910886086 |9 3-910886-08-6 | ||
| 024 | 3 | |a 9783910886087 | |
| 035 | |a (DE-627)1912086581 | ||
| 035 | |a (DE-599)DNB1350323551 | ||
| 035 | |a (OCoLC)1478152569 | ||
| 040 | |a DE-627 |b ger |c DE-627 |e rda | ||
| 041 | |a ger | ||
| 044 | |c XA-DE-BW | ||
| 082 | 0 | |a 363.97 |q DE-101 |2 23/ger | |
| 082 | 0 | 4 | |a 360 |a 340 |a 943 |q DE-101 |
| 084 | |a NZ 76422 |q DE-24/25sred |2 rvk |0 (DE-625)rvk/163256:14224 | ||
| 084 | |a NQ 2350 |q DE-16-143 |2 rvk |0 (DE-625)rvk/128254: | ||
| 084 | |a 346 |2 bwlb | ||
| 084 | |a 08 |2 bwlb | ||
| 100 | 1 | |a Kail, Diana |d 1998- |e VerfasserIn |0 (DE-588)1320986854 |0 (DE-627)1881203999 |4 aut | |
| 109 | |a Kail, Diana 1998- | ||
| 245 | 1 | 0 | |a Zwangssterilisation in Heidelberg |b das Erbgesundheitsgericht 1934-1945 |c Diana Kail |
| 264 | 1 | |a Heidelberg |b Kurpfälzischer Verlag |c [2024] | |
| 264 | 4 | |c © 2024 | |
| 300 | |a 174 Seiten |b Illustrationen | ||
| 336 | |a Text |b txt |2 rdacontent | ||
| 337 | |a ohne Hilfsmittel zu benutzen |b n |2 rdamedia | ||
| 338 | |a Band |b nc |2 rdacarrier | ||
| 500 | |a Es handelt sich um die überarbeitete und erweiterte Fassung dieser Masterarbeit. - Zum Geleit | ||
| 502 | |b Masterarbeit |c Universität Heidelberg |d 2024 | ||
| 520 | |a Auch zu Fallbeispielen Betroffener aus Heidelberg, Nussloch, Sandhausen und Dossenheim | ||
| 583 | 1 | |a Archivierung/Langzeitarchivierung gewährleistet |f PEBW |x XA-DE-BW |2 pdager |5 DE-31 | |
| 583 | 1 | |a Archivierung/Langzeitarchivierung gewährleistet |f SLG |x XA-DE-BW |z BfZ |2 pdager |5 DE-24 | |
| 610 | 2 | 7 | |0 (DE-588)1355943892 |0 (DE-627)1917013302 |a Heidelberg |b Erbgesundheitsgericht Heidelberg |2 gnd |7 (dpeaa)DE-631 |
| 648 | 7 | |a Geschichte 1934-1945 |2 gnd |7 (dpeaa)DE-631 | |
| 650 | 0 | 7 | |0 (DE-588)4013021-6 |0 (DE-627)104682922 |0 (DE-576)208901639 |a Drittes Reich |2 gnd |7 (dpeaa)DE-631 |
| 650 | 0 | 7 | |0 (DE-588)4117736-8 |0 (DE-627)105796913 |0 (DE-576)209512474 |a Zwangssterilisation |2 gnd |7 (dpeaa)DE-631 |
| 650 | 0 | 7 | |0 (DE-588)4045242-6 |0 (DE-627)106202421 |0 (DE-576)209064420 |a Persönlichkeit |2 gnd |7 (dpeaa)DE-631 |
| 650 | 0 | 7 | |0 (DE-588)4015656-4 |0 (DE-627)106335790 |0 (DE-576)208912851 |a Eugenik |2 gnd |7 (dpeaa)DE-631 |
| 650 | 0 | 7 | |0 (DE-588)4078782-5 |0 (DE-627)106076329 |0 (DE-576)20921001X |a Verbrechensopfer |2 gnd |7 (dpeaa)DE-631 |
| 651 | 7 | |0 (DE-588)4023996-2 |0 (DE-627)106300814 |0 (DE-576)208952578 |a Heidelberg |2 gnd |7 (dpeaa)DE-631 | |
| 651 | 7 | |0 (DE-588)4423789-3 |0 (DE-627)215357868 |0 (DE-576)212293761 |a Nussloch |2 gnd |7 (dpeaa)DE-631 | |
| 651 | 7 | |0 (DE-588)4105304-7 |0 (DE-627)105896136 |0 (DE-576)209404485 |a Sandhausen |2 gnd |7 (dpeaa)DE-631 | |
| 651 | 7 | |0 (DE-588)4012832-5 |0 (DE-627)106346415 |0 (DE-576)208900683 |a Dossenheim |2 gnd |7 (dpeaa)DE-631 | |
| 655 | 7 | |a Hochschulschrift |0 (DE-588)4113937-9 |0 (DE-627)105825778 |0 (DE-576)209480580 |2 gnd-content | |
| 689 | 0 | 0 | |d s |0 (DE-588)4117736-8 |0 (DE-627)105796913 |0 (DE-576)209512474 |a Zwangssterilisation |2 gnd |
| 689 | 0 | 1 | |a z |2 gnd |a Geschichte 1934-1945 |
| 689 | 0 | |5 DE-101 | |
| 689 | 1 | 0 | |d b |0 (DE-588)1355943892 |0 (DE-627)1917013302 |a Heidelberg |b Erbgesundheitsgericht Heidelberg |2 gnd |
| 689 | 1 | 1 | |d s |0 (DE-588)4117736-8 |0 (DE-627)105796913 |0 (DE-576)209512474 |a Zwangssterilisation |2 gnd |
| 689 | 1 | 2 | |a z |2 gnd |a Geschichte 1934-1945 |
| 689 | 1 | |5 (DE-627) | |
| 710 | 2 | |a Kurpfälzischer Verlag |e Verlag |0 (DE-588)1065103786 |0 (DE-627)816000433 |0 (DE-576)424788004 |4 pbl | |
| 751 | |a Heidelberg |0 (DE-588)4023996-2 |0 (DE-627)106300814 |0 (DE-576)208952578 |4 uvp | ||
| 856 | 4 | 2 | |u https://d-nb.info/1350323551/04 |m B:DE-101 |q application/pdf |x Verlag |3 Inhaltsverzeichnis |7 1 |
| 935 | |a rexa |a BWLB | ||
| 936 | r | v | |a NZ 76422 |b Nationalsozialismus |k Geschichte |k Regionale Landeskunde |k Baden-Württemberg |k Landesgeschichte regional |k Geschichte einzelner Orte (inklusive Stadtkreise) |k Heidelberg |k Nationalsozialismus |0 (DE-627)1685789196 |0 (DE-625)rvk/163256:14224 |
| 936 | r | v | |a NQ 2350 |b Konzentrationslager, Euthanasie etc. |k Geschichte |k Geschichte seit 1918 |k Drittes Reich |k Innere Geschichte |k NS-Terror |k Konzentrationslager, Euthanasie etc. |0 (DE-627)1270875485 |0 (DE-625)rvk/128254: |0 (DE-576)200875485 |
| 951 | |a BO | ||
| ELC | |b 1 | ||
| LOK | |0 000 xxxxxcx a22 zn 4500 | ||
| LOK | |0 001 4644693472 | ||
| LOK | |0 003 DE-627 | ||
| LOK | |0 004 1912086581 | ||
| LOK | |0 005 20250204123143 | ||
| LOK | |0 008 250103||||||||||||||||ger||||||| | ||
| LOK | |0 040 |a DE-21 |c DE-627 |d DE-21 | ||
| LOK | |0 852 |a DE-21 | ||
| LOK | |0 852 1 |c 65 A 505 |9 00 | ||
| LOK | |0 938 |a 2502 |f 25 | ||
| LOK | |0 939 |a 2025-01-03 |b l01 | ||
| ORI | |a WA-MARC-krimdoka001.raw | ||
| SIG | |a UB: 65 A 505 | ||
| TIM | |a 100019340101_100019451231 |b Geschichte 1934-1945 | ||
